The American South : (Record no. 12757)
[ view plain ]
| 000 -LEADER | |
|---|---|
| fixed length control field | 00414cam a2200157 a 4500 |
| 020 ## - INTERNATIONAL STANDARD BOOK NUMBER | |
| ISBN | 0070637415 (v. 1) |
| 020 ## - INTERNATIONAL STANDARD BOOK NUMBER | |
| ISBN | 0070637423 (v. 2) |
| 040 ## - CATALOGING SOURCE | |
| Transcribing agency | DLC |
| 082 00 - DEWEY DECIMAL CLASSIFICATION NUMBER | |
| Classification number | 975 HIL 1991 A100 Or. |
| 100 1# - MAIN ENTRY--AUTHOR NAME | |
| Personal name | Cooper, William J., |
| 245 14 - TITLE STATEMENT | |
| Title | The American South : |
| Remainder of title | a history / |
| 260 ## - PUBLICATION, DISTRIBUTION, ETC. (IMPRINT) | |
| Place of publication | New York : |
| Name of publisher | McGraw-Hill, |
| Year of publication | c1991- |
| 300 ## - PHYSICAL DESCRIPTION | |
| Number of Pages | v. <1, 2 > : |
| Other physical details | ill. ; |
| Dimensions | 24 cm. |
| 700 1# - ADDED ENTRY--PERSONAL NAME | |
| Personal name | Terrill, Tom E. |
| 942 ## - ADDED ENTRY ELEMENTS (KOHA) | |
| Koha item type | សៀវភៅភាសាអង់គ្លេស |
| 952 ## - LOCATION AND ITEM INFORMATION (KOHA) | |
| Withdrawn status [LOCAL, KOHA] | 0 |
| Permanent Location | Date acquired | Koha item type | Lost status | Shelving location | Barcode | Current Location | Full call number |
|---|---|---|---|---|---|---|---|
| Library Block A | 2017-08-16 | សៀវភៅភាសាអង់គ្លេស | A100 | A16147 | Library Block A | 975 HIL 1991 A100 Or. |